000 00938nam a2200289 i 4500
001 000017332
003 DO-SdBNP
005 20250311113922.0
007 ta
008 100322s1964 dr 000 j spa d
040 _aDO-SdBNP
_bspa
_cBNPHU
_erda
041 _aspa
082 4 _a863.42
_bS825h
_222
100 1 _aStengre, Carmen,
_d1907-
_eautor
_4aut.
_937983
245 1 0 _aHermana Violeta /
_cCarmen Stengre ; prólogo E. F. Granell.
264 1 _aCiudad Trujillo, República Dominicana :
_bImprenta Montalvo,
_c[1964?].
300 _a132 páginas ;
_c23 cm.
336 _atexto
_btxt
_2rdacontent
337 _asin mediación
_bn
_2rdamedia
338 _avolumen
_bnc
_2rdacarrier
590 _aInventariado
650 4 _aCuentos españoles
_93194
650 4 _aLiteratura española
_9632
700 1 _aFernández Granell, Eugenio,
_d1912-2001
_epról.
_937984
910 _aValidado. Control de calidad BNPHU/
942 _2ddc
_cLBS1
999 _c16857
_d16857